Encyclopedia of indian society and culture (Record no. 173541)
[ view plain ]
| 000 -LEADER | |
|---|---|
| fixed length control field | 00598nam a2200217Ia 4500 |
| 003 - CONTROL NUMBER IDENTIFIER | |
| control field | OSt |
| 005 - DATE AND TIME OF LATEST TRANSACTION | |
| control field | 20230612093313.0 |
| 008 - FIXED-LENGTH DATA ELEMENTS--GENERAL INFORMATION | |
| fixed length control field | 210423s2002 xx 000 0 und d |
| 040 ## - CATALOGING SOURCE | |
| Transcribing agency | AL |
| 041 ## - LANGUAGE CODE | |
| Language code of text/sound track or separate title | eng |
| 082 ## - DEWEY DECIMAL CLASSIFICATION NUMBER | |
| Classification number | 030 PRUE |
| Edition number | 23 |
| 100 ## - MAIN ENTRY--PERSONAL NAME | |
| Personal name | PRUTHI (Rajkumar);DEVI (Rameshwari) |
| 9 (RLIN) | 115758 |
| 245 ## - TITLE STATEMENT | |
| Title | Encyclopedia of indian society and culture |
| 260 ## - PUBLICATION, DISTRIBUTION, ETC. | |
| Place of publication, distribution, etc. | Jaipur |
| Name of publisher, distributor, etc. | Mangal Deep Publications |
| Date of publication, distribution, etc. | 2002 |
| 365 ## - TRADE PRICE | |
| Price amount | 600 |
| Currency code | INR |
| 440 ## - SERIES STATEMENT/ADDED ENTRY--TITLE | |
| Volume/sequential designation | 1 |
| 650 ## - SUBJECT ADDED ENTRY--TOPICAL TERM | |
| Topical term or geographic name entry element | Encyclopedic Works |
| 9 (RLIN) | 115759 |
| 650 ## - SUBJECT ADDED ENTRY--TOPICAL TERM | |
| Topical term or geographic name entry element | General |
| 9 (RLIN) | 115760 |
| 906 ## - LOCAL DATA ELEMENT F, LDF (RLIN) | |
| a | culture. ; Encyclopedia ; indian ; society |
| 942 ## - ADDED ENTRY ELEMENTS (KOHA) | |
| Source of classification or shelving scheme | Dewey Decimal Classification |
| Koha item type | Book |
| Withdrawn status | Lost status | Damaged status | Not for loan | Collection code | Home library | Current library | Date acquired | Source of acquisition | Cost, normal purchase price | Total Checkouts | Full call number | Barcode | Date last seen | Date last checked out | Price effective from | Koha item type | Total Renewals |
|---|---|---|---|---|---|---|---|---|---|---|---|---|---|---|---|---|---|
| MSW | St Aloysius PG Library | St Aloysius PG Library | 11/23/2002 | Sita Book House | 600.00 | 2 | 030 PRUE | PG020151 | 03/21/2023 | 03/16/2023 | 04/26/2021 | Book | |||||
| MSW | St Aloysius PG Library | St Aloysius PG Library | 11/23/2002 | Sita Book House | 600.00 | 10 | 030 PRUE | PG020152 | 08/24/2022 | 07/08/2021 | 04/26/2021 | Book | 3 | ||||
| MSW | St Aloysius PG Library | St Aloysius PG Library | 11/23/2002 | Sita Book House | 600.00 | 030 PRUE | PG020153 | 08/24/2022 | 04/26/2021 | Book | |||||||
| MSW | St Aloysius PG Library | St Aloysius PG Library | 11/23/2002 | Sita Book House | 600.00 | 030 PRUE | PG020154 | 08/24/2022 | 04/26/2021 | Book | |||||||
| MSW | St Aloysius PG Library | St Aloysius PG Library | 11/23/2002 | Sita Book House | 600.00 | 2 | 030 PRUE | PG020155 | 08/24/2022 | 05/05/2022 | 04/26/2021 | Book |